[Event "Paulista-ch zt"]
[Site "Itapetininga"]
[Date "2012.10.13"]
[Round "4"]
[White "Borges, Leomar Barbero"]
[Black "Quintiliano Pinto, Renato Rodrigues"]
[Result "0-1"]
[WhiteElo "2187"]
[BlackElo "2243"]
[PlyCount "60"]
[EventDate "2012.10.12"]
[EventType "swiss"]
[EventRounds "6"]
[EventCountry "BRA"]
[SourceTitle "CBM 151 Extra"]
[Source "ChessBase"]
[SourceDate "2012.12.18"]
[SourceVersion "1"]
[SourceVersionDate "2012.12.18"]
[SourceQuality "1"]

1. Nf3 c5 2. b3 d5 3. e3 Nf6 4. Bb2 e6 5. Be2 Be7 6. 0-0 0-0 7. d4 b6 8. c4 Bb7 9. Nc3 Nbd7 10. Rc1 Rc8 11. cxd5 exd5 12. Rc2 Bd6 13. dxc5 bxc5 14. Rd2 Qe7 15. Qa1 Ne4 16. Nxd5 Qe6 17. Nf4 Bxf4 18. Rxd7 Qxd7 19. exf4 f6 20. Qc1 Rfd8 21. Qe3 Re8 22. Rd1 Qc7 23. Bc4+ Kh8 24. Nh4 Ng5 25. Qg3 Rcd8 26. Rc1 Nf7 27. Bxf6 gxf6 28. Ng6+ hxg6 29. Qxg6 Qxf4 30. Rf1 Qg5 0-1

[Event "Sao Jose de Rio Preto 160 Anos"]
[Site "Sao Jose do Rio Preto"]
[Date "2012.03.25"]
[Round "6"]
[White "Sousa Jr, Jose Antonio Madale"]
[Black "Borges, Leomar Barbero"]
[Result "1-0"]
[WhiteElo "2006"]
[BlackElo "2204"]
[PlyCount "93"]
[EventDate "2012.03.23"]
[EventType "swiss"]
[EventRounds "6"]
[EventCountry "BRA"]
[SourceTitle "CBM 147 Extra"]
[Source "ChessBase"]
[SourceDate "2012.04.24"]
[SourceVersion "1"]
[SourceVersionDate "2012.04.24"]
[SourceQuality "1"]

1. e4 Nf6 2. e5 Nd5 3. c4 Nb6 4. d4 d6 5. exd6 cxd6 6. Be3 g6 7. Nc3 Bg7 8. Rc1 0-0 9. Be2 a5 10. b3 a4 11. b4 Nc6 12. a3 d5 13. c5 e5 14. Nf3 exd4 15. Nxd4 Nc4 16. Bxc4 dxc4 17. Nxc6 bxc6 18. 0-0 Bf5 19. Qf3 Bd3 20. Rfd1 Qe8 21. Re1 Qd7 22. Ne4 f5 23. Nd6 Bb2 24. Rcd1 Bc3 25. Bd2 Bd4 26. Bh6 Rfe8 27. Rxe8+ Rxe8 28. Nxe8 Qxe8 29. Be3 Bf6 30. Qf4 Be5 31. Qh4 Bc7 32. Bd4 Bd8 33. Qh6 Qd7 34. Be5 Qf7 35. Re1 Be7 36. Bd4 Bf8 37. Qf4 Be4 38. f3 Qd5 39. Qe3 Bh6 40. Qxh6 Qxd4+ 41. Qe3 Qxe3+ 42. Rxe3 Bd5 43. Kf2 Kf7 44. f4 Kf6 45. g3 h6 46. h4 h5 47. Rc3 1-0

[Event "Sao Jose do Rio Preto SMEL"]
[Site "Sao Jose do Rio Preto"]
[Date "2011.09.25"]
[Round "6"]
[White "Gattass, Allan Arriada"]
[Black "Borges, Leomar Barbero"]
[Result "1/2-1/2"]
[WhiteElo "2307"]
[BlackElo "2203"]
[PlyCount "21"]
[EventDate "2011.09.21"]
[EventType "tourn"]
[EventRounds "11"]
[EventCountry "BRA"]
[SourceTitle "EXT 2022"]
[Source "ChessBase"]
[SourceDate "2021.10.06"]
[SourceVersion "1"]
[SourceVersionDate "2021.10.06"]
[SourceQuality "1"]

1. d4 Nf6 2. Nf3 g6 3. g3 Bg7 4. Bg2 0-0 5. 0-0 d6 6. c4 c6 7. Nc3 Nbd7 8. Qc2 Qc7 9. b3 e5 10. dxe5 Nxe5 11. Bb2 1/2-1/2

[Event "Sao Jose do Rio Preto SMEL"]
[Site "Sao Jose do Rio Preto"]
[Date "2011.09.24"]
[Round "5"]
[White "Borges, Leomar Barbero"]
[Black "Oliveira, Silvio Eduardo"]
[Result "1/2-1/2"]
[WhiteElo "2203"]
[BlackElo "2333"]
[PlyCount "30"]
[EventDate "2011.09.21"]
[EventType "tourn"]
[EventRounds "11"]
[EventCountry "BRA"]
[SourceTitle "EXT 2022"]
[Source "ChessBase"]
[SourceDate "2021.10.06"]
[SourceVersion "1"]
[SourceVersionDate "2021.10.06"]
[SourceQuality "1"]

1. Nf3 Nf6 2. b3 g6 3. Bb2 Bg7 4. e3 0-0 5. Be2 d5 6. 0-0 Bg4 7. d4 c6 8. h3 Bxf3 9. Bxf3 Nbd7 10. Nd2 Qc7 11. c4 e5 12. dxe5 Nxe5 13. cxd5 Nxf3+ 14. Nxf3 Nxd5 15. Bxg7 Kxg7 1/2-1/2

[Event "Sao Jose do Rio Preto SMEL"]
[Site "Sao Jose do Rio Preto"]
[Date "2011.09.23"]
[Round "4"]
[White "Borges, Leomar Barbero"]
[Black "Ramillo, Vitoria Matheus"]
[Result "1/2-1/2"]
[WhiteElo "2203"]
[BlackElo "1807"]
[PlyCount "42"]
[EventDate "2011.09.21"]
[EventType "tourn"]
[EventRounds "11"]
[EventCountry "BRA"]
[SourceTitle "EXT 2022"]
[Source "ChessBase"]
[SourceDate "2021.10.06"]
[SourceVersion "1"]
[SourceVersionDate "2021.10.06"]
[SourceQuality "1"]

1. Nf3 Nf6 2. b3 g6 3. Bb2 Bg7 4. e3 d6 5. d4 0-0 6. Be2 Bg4 7. 0-0 Nbd7 8. c4 Re8 9. Nc3 e5 10. dxe5 Nxe5 11. Nxe5 Bxe2 12. Qxe2 dxe5 13. Rad1 Qe7 14. e4 Rad8 15. Nd5 Nxd5 16. Rxd5 Rxd5 17. cxd5 Rc8 18. Rc1 Qd6 19. f3 c6 20. dxc6 Rxc6 21. Rxc6 Qxc6 1/2-1/2

[Event "Sao Jose do Rio Preto 9th"]
[Site "Sao Jose do Rio Preto"]
[Date "2010.11.24"]
[Round "10"]
[White "Borges, Leomar Barbero"]
[Black "Neubauer, Martin"]
[Result "0-1"]
[WhiteElo "2199"]
[BlackElo "2432"]
[PlyCount "98"]
[EventDate "2010.11.17"]
[EventType "swiss"]
[EventRounds "11"]
[EventCountry "BRA"]
[SourceTitle "EXT 2022"]
[Source "ChessBase"]
[SourceDate "2021.10.06"]
[SourceVersion "1"]
[SourceVersionDate "2021.10.06"]
[SourceQuality "1"]

1. d4 Nf6 2. Nf3 d5 3. c3 Bf5 4. Qb3 Qc8 5. Bf4 e6 6. e3 Bd6 7. Nbd2 0-0 8. Be2 Bxf4 9. exf4 c5 10. 0-0 c4 11. Qd1 Nc6 12. Ne5 Ne4 13. Nxe4 Bxe4 14. Bf3 Bf5 15. Bg4 f6 16. Nxc6 Qxc6 17. Bxf5 exf5 18. Re1 Rfe8 19. Qd2 b5 20. Rxe8+ Rxe8 21. Re1 Kf7 22. Kf1 g6 23. a3 Rb8 24. Qe3 Qd7 25. f3 h5 26. h3 a5 27. Qd2 Qd6 28. Qe2 Qd7 29. Qd2 Rb6 30. Kf2 Re6 31. Rxe6 Qxe6 32. Qe3 Qd6 33. Qd2 h4 34. Ke2 Ke7 35. Kf1 Kd7 36. Kf2 b4 37. axb4 axb4 38. Qd1 bxc3 39. Qa4+ Ke7 40. bxc3 Qxf4 41. Qa7+ Kf8 42. Qa8+ Kg7 43. Qxd5 Qd2+ 44. Kg1 Qxc3 45. Qd7+ Kh6 46. Qd8 Qc1+ 47. Kh2 Kg5 48. d5 c3 49. Qc7 c2 0-1

[Event "Sao Jose do Rio Preto 9th"]
[Site "Sao Jose do Rio Preto"]
[Date "2010.11.19"]
[Round "4"]
[White "Borges, Leomar Barbero"]
[Black "Oliveira, Silvio Eduardo"]
[Result "1/2-1/2"]
[WhiteElo "2199"]
[BlackElo "2378"]
[PlyCount "41"]
[EventDate "2010.11.17"]
[EventType "swiss"]
[EventRounds "11"]
[EventCountry "BRA"]
[SourceTitle "EXT 2022"]
[Source "ChessBase"]
[SourceDate "2021.10.06"]
[SourceVersion "1"]
[SourceVersionDate "2021.10.06"]
[SourceQuality "1"]

1. Nf3 Nf6 2. b3 g6 3. Bb2 Bg7 4. e3 0-0 5. Be2 c5 6. 0-0 Nc6 7. c4 d5 8. d3 b6 9. Nbd2 Bb7 10. Rc1 e6 11. Qc2 Qe7 12. Qb1 Rfd8 13. Rfd1 Rac8 14. Qa1 Ne8 15. Bxg7 Nxg7 16. Ne5 Nxe5 17. Qxe5 d4 18. exd4 Rxd4 19. Nf3 Rdd8 20. d4 cxd4 21. Nxd4 1/2-1/2

[Event "Sao Jose do Rio Preto 9th"]
[Site "Sao Jose do Rio Preto"]
[Date "2010.11.18"]
[Round "2"]
[White "Borges, Leomar Barbero"]
[Black "Lebredo Zaragoitia, Gerardo"]
[Result "1/2-1/2"]
[WhiteElo "2199"]
[BlackElo "2259"]
[PlyCount "21"]
[EventDate "2010.11.17"]
[EventType "swiss"]
[EventRounds "11"]
[EventCountry "BRA"]
[SourceTitle "EXT 2022"]
[Source "ChessBase"]
[SourceDate "2021.10.06"]
[SourceVersion "1"]
[SourceVersionDate "2021.10.06"]
[SourceQuality "1"]

1. d4 e6 2. Nf3 f5 3. g3 Nf6 4. Bg2 Be7 5. 0-0 0-0 6. c4 d5 7. Qc2 c6 8. Nbd2 Ne4 9. Ne5 Nd7 10. Ndf3 Nxe5 11. Nxe5 1/2-1/2

[Event "Santos Paulista Absoluto"]
[Site "Santos"]
[Date "2010.08.19"]
[Round "1"]
[White "Santana, Expedito"]
[Black "Borges, Leomar Barbero"]
[Result "0-1"]
[WhiteElo "1705"]
[BlackElo "2202"]
[PlyCount "52"]
[EventDate "2010.08.19"]
[EventType "swiss"]
[EventRounds "7"]
[EventCountry "BRA"]
[SourceTitle "CBM 138 Extra"]
[Source "ChessBase"]
[SourceDate "2010.10.29"]
[SourceVersion "1"]
[SourceVersionDate "2010.10.29"]
[SourceQuality "1"]

1. d4 Nf6 2. Nf3 c5 3. c3 b6 4. Bf4 Bb7 5. e3 g6 6. Bd3 Bg7 7. Nbd2 Nc6 8. Ne4 0-0 9. Nxf6+ Bxf6 10. 0-0 d6 11. Bg5 Bg7 12. d5 Nb8 13. e4 Nd7 14. Rb1 a6 15. c4 Nf6 16. e5 dxe5 17. Nxe5 Nxd5 18. Nxg6 hxg6 19. cxd5 Qxd5 20. Qf3 Qxf3 21. gxf3 Bxf3 22. Bxe7 Rfe8 23. Bh4 Be2 24. Bxe2 Rxe2 25. b4 Rxa2 26. bxc5 bxc5 0-1

[Event "Sao Jose do Rio Preto"]
[Site "Sao Jose do Rio Preto"]
[Date "2009.11.17"]
[Round "2"]
[White "Borges, Leomar Barbero"]
[Black "Capatti, Eduardo"]
[Result "1/2-1/2"]
[WhiteElo "2205"]
[BlackElo "2142"]
[PlyCount "29"]
[EventDate "2009.11.16"]
[EventType "tourn"]
[EventRounds "5"]
[EventCountry "BRA"]
[EventCategory "1"]
[SourceTitle "EXT 2010"]
[Source "ChessBase"]
[SourceDate "2010.11.25"]
[SourceVersion "1"]
[SourceVersionDate "2010.11.25"]
[SourceQuality "1"]

1. Nf3 Nf6 2. b3 d5 3. Bb2 Bf5 4. g3 c5 5. Bg2 Nc6 6. 0-0 e6 7. d3 Be7 8. Nbd2 0-0 9. h3 h6 10. Re1 Qc7 11. e4 dxe4 12. dxe4 Bh7 13. Qe2 Rfd8 14. a3 e5 15. Nc4 1/2-1/2

[Event "American Continental 06th"]
[Site "Sao Paulo"]
[Date "2009.07.26"]
[Round "3"]
[White "Borges, Leomar Barbero"]
[Black "Rodrigues, Nei Jorge"]
[Result "0-1"]
[WhiteElo "2242"]
[BlackElo "2033"]
[PlyCount "119"]
[EventDate "2009.07.25"]
[EventType "swiss"]
[EventRounds "11"]
[EventCountry "BRA"]
[SourceTitle "CBM 132 Extra"]
[Source "ChessBase"]
[SourceDate "2009.11.03"]
[SourceVersion "1"]
[SourceVersionDate "2009.11.03"]
[SourceQuality "1"]

1. Nf3 d5 2. b3 c5 3. e3 Nc6 4. Bb2 Bg4 5. h3 Bh5 6. Bb5 Qb6 7. a4 a6 8. Bxc6+ Qxc6 9. g4 Bg6 10. Ne5 Qc7 11. d3 e6 12. f4 f6 13. Nf3 Ne7 14. Qe2 h5 15. Rg1 hxg4 16. hxg4 Nc6 17. Nbd2 0-0-0 18. 0-0-0 Bd6 19. g5 f5 20. Rde1 e5 21. fxe5 Nxe5 22. Nxe5 Bxe5 23. Bxe5 Qxe5 24. Nf3 Qc3 25. Kb1 Rde8 26. Qf2 Qb4 27. Rd1 Rhf8 28. Nh4 Bh5 29. Rde1 c4 30. dxc4 dxc4 31. Ka2 cxb3+ 32. cxb3 f4 33. exf4 Rxe1 34. Rxe1 Bf7 35. Qc2+ Kb8 36. Rc1 Qxa4+ 37. Kb2 Qxf4 38. Ng2 Qxg5 39. Ne1 Qe5+ 40. Ka2 Qa5+ 41. Kb2 Qe5+ 42. Ka2 Rh8 43. Nf3 Qg3 44. Nd2 Bd5 45. Kb1 Re8 46. Ka2 Bc6 47. Qc4 Rd8 48. Rc2 g5 49. Qc5 Rd5 50. Qf8+ Ka7 51. Nc4 Rb5 52. Qa3 Qd3 53. Qb2 g4 54. Rc3 Qd4 55. Qc2 Be4 56. Qc1 Rf5 57. Nb2 Ra5+ 58. Na4 g3 59. Rc4 Qf2+ 60. Ka3 0-1

[Event "Sao Jose de Rio Preto-A"]
[Site "Sao Jose de Rio Preto"]
[Date "2008.03.30"]
[Round "11"]
[White "Perdomo, Leandro Daniel"]
[Black "Borges, Leomar Barbero"]
[Result "1/2-1/2"]
[WhiteElo "2354"]
[BlackElo "2230"]
[PlyCount "32"]
[EventDate "2008.03.24"]
[EventType "tourn"]
[EventRounds "11"]
[EventCountry "BRA"]
[EventCategory "3"]
[SourceTitle "CBM 123 Extra"]
[Source "ChessBase"]
[SourceDate "2008.05.06"]
[SourceVersion "1"]
[SourceVersionDate "2008.05.06"]
[SourceQuality "1"]

1. d4 Nf6 2. c4 g6 3. Nc3 Bg7 4. e4 d6 5. Nf3 0-0 6. Be2 e5 7. Be3 Nc6 8. 0-0 Re8 9. d5 Nd4 10. Nxd4 exd4 11. Bxd4 Nxe4 12. Bxg7 Kxg7 13. Qd4+ Qf6 14. Qxf6+ Kxf6 15. Nxe4+ Rxe4 16. Bd3 Re7 1/2-1/2

[Event "Sao Jose de Rio Preto-A"]
[Site "Sao Jose de Rio Preto"]
[Date "2008.03.27"]
[Round "7"]
[White "Borges, Leomar Barbero"]
[Black "Viana da Costa, Fernando"]
[Result "0-1"]
[WhiteElo "2230"]
[BlackElo "2294"]
[PlyCount "54"]
[EventDate "2008.03.24"]
[EventType "tourn"]
[EventRounds "11"]
[EventCountry "BRA"]
[EventCategory "3"]
[SourceTitle "CBM 123 Extra"]
[Source "ChessBase"]
[SourceDate "2008.05.06"]
[SourceVersion "1"]
[SourceVersionDate "2008.05.06"]
[SourceQuality "1"]

1. Nf3 g6 2. d4 Bg7 3. e3 c5 4. Be2 Nf6 5. dxc5 Qa5+ 6. Nc3 Ne4 7. Nd4 Nxc3 8. Qd2 Qxc5 9. bxc3 0-0 10. a4 d6 11. 0-0 Qc7 12. Nb5 Qd8 13. Rb1 a6 14. Nd4 Nd7 15. Bf3 Nc5 16. Bd5 Qc7 17. Rb4 Bd7 18. Nb3 Rab8 19. a5 e6 20. Bf3 Na4 21. Nd4 Nxc3 22. Rxb7 Rxb7 23. Bxb7 e5 24. Nb3 Bb5 25. Re1 Ne2+ 26. Rxe2 Bxe2 27. Bd5 Bc4 0-1

[Event "Sao Jose de Rio Preto-A"]
[Site "Sao Jose de Rio Preto"]
[Date "2008.03.24"]
[Round "1"]
[White "Borges, Leomar Barbero"]
[Black "Oliveira, Silvio Eduardo"]
[Result "1/2-1/2"]
[WhiteElo "2230"]
[BlackElo "2291"]
[PlyCount "23"]
[EventDate "2008.03.24"]
[EventType "tourn"]
[EventRounds "11"]
[EventCountry "BRA"]
[EventCategory "3"]
[SourceTitle "CBM 123 Extra"]
[Source "ChessBase"]
[SourceDate "2008.05.06"]
[SourceVersion "1"]
[SourceVersionDate "2008.05.06"]
[SourceQuality "1"]

1. c4 c5 2. Nc3 Nc6 3. Nf3 Nf6 4. g3 g6 5. Bg2 Bg7 6. 0-0 0-0 7. d4 d6 8. dxc5 dxc5 9. Be3 Be6 10. Qxd8 Rfxd8 11. Bxc5 Bxc4 12. Rad1 1/2-1/2

[Event "Sao Jose de Rio Preto-A"]
[Site "Sao Jose de Rio Preto"]
[Date "2008.03.24"]
[Round "2"]
[White "Quiroga, Facundo"]
[Black "Borges, Leomar Barbero"]
[Result "0-1"]
[WhiteElo "2331"]
[BlackElo "2230"]
[PlyCount "76"]
[EventDate "2008.03.24"]
[EventType "tourn"]
[EventRounds "11"]
[EventCountry "BRA"]
[EventCategory "3"]
[SourceTitle "CBM 123 Extra"]
[Source "ChessBase"]
[SourceDate "2008.05.06"]
[SourceVersion "1"]
[SourceVersionDate "2008.05.06"]
[SourceQuality "1"]

1. d4 Nf6 2. c4 g6 3. Nc3 d5 4. Nf3 Bg7 5. Qb3 dxc4 6. Qxc4 0-0 7. e4 c6 8. Qb3 a5 9. Be2 b5 10. a3 Be6 11. Qc2 a4 12. 0-0 Nbd7 13. Bg5 Nb6 14. Rac1 Rc8 15. h3 h6 16. Be3 Nc4 17. Bxc4 Bxc4 18. Rfe1 Bb3 19. Qd2 Kh7 20. Ne5 Nd7 21. f4 Nb6 22. Rf1 f6 23. Nf3 Nc4 24. Qf2 e5 25. d5 Nxe3 26. Qxe3 cxd5 27. exd5 exf4 28. Qxf4 Bxd5 29. Rfd1 Qb6+ 30. Kh1 Bb3 31. Rd7 Rfd8 32. Rxd8 Rxd8 33. Qh4 Rb8 34. Qd4 f5 35. Qxb6 Rxb6 36. Re1 b4 37. axb4 a3 38. Nd2 axb2 0-1

[Event "Sao Jose do Rio Preto 06th"]
[Site "Sao Jose do Rio Preto"]
[Date "2007.04.26"]
[Round "8"]
[White "Crosa Coll, Martin"]
[Black "Borges, Leomar Barbero"]
[Result "1/2-1/2"]
[WhiteElo "2403"]
[BlackElo "2225"]
[PlyCount "37"]
[EventDate "2007.04.19"]
[EventType "tourn"]
[EventRounds "11"]
[EventCountry "BRA"]
[EventCategory "4"]
[SourceTitle "CBM 118 Extra"]
[Source "ChessBase"]
[SourceDate "2007.07.04"]
[SourceVersion "1"]
[SourceVersionDate "2007.07.04"]
[SourceQuality "1"]

1. e4 Nf6 2. Nc3 d5 3. exd5 Nxd5 4. Nxd5 Qxd5 5. Qf3 Qxf3 6. Nxf3 Nc6 7. b3 Bf5 8. Bb2 f6 9. Bb5 e5 10. 0-0-0 0-0-0 11. Bxc6 bxc6 12. d3 Bg4 13. h3 Bxf3 14. gxf3 Bc5 15. Rd2 Rd7 16. a3 Re8 17. Re1 Rde7 18. Re4 Kb7 19. b4 1/2-1/2